| 000 | 01257nam a2200289 a 4500 | ||
|---|---|---|---|
| 001 | BRCA_232 | ||
| 005 | 20190320202928.0 | ||
| 008 | 931001s1987 mx-a---###---#000-0cspa-# | ||
| 020 | _a9687193034 | ||
| 040 |
_aDLC _cDLC _dDLC |
||
| 050 | 4 |
_aF1229 _b.I65 1987 |
|
| 245 | 1 | 0 |
_aEl inicio de la Nueva España _ctextos, introducción y coordinación Roberto Moreno de los Arcos ; investigación Rosa Camelo Arredondo, Medardo Felipe Castro, Guillermo Porras Muñoz ; obra gráfica Javier Arévalo, Arnold Belkin, Lucía Maya ; editor Mario de la Torre. |
| 260 |
_aMéxico _bSmurfit Cartón y Papel de México _c1987 |
||
| 300 |
_a1 portafolio [23] p. _bil. a color, 15 láminas _c47 cm. |
||
| 440 | 0 |
_aColección CPM [Cultura y Pasado de México] _9764 |
|
| 500 | _aEdición privada | ||
| 500 | _aIncluye biografías | ||
| 546 | _aTexto en español e inglés | ||
| 650 | 1 | 4 |
_aConquistadores _vBiografía _zMéxico _9803 |
| 650 | 1 | 4 |
_aMisioneros _vBiografía _zMéxico _9804 |
| 650 | 1 | 4 |
_aHistoriadores _vBiografía _zMéxico _9805 |
| 650 | 1 | 4 |
_aGrabados mexicanos _9806 |
| 651 | 4 |
_aMéxico _xHistoria _yConquista, 1519-1540 _9442 |
|
| 651 | 4 |
_aMéxico _xHistoria _yColonia española, 1540-1810 _9394 |
|
| 700 | 1 |
_aMoreno de los Arcos, Roberto _9807 |
|
| 942 |
_2lcc _cB |
||
| 999 |
_c189 _d189 |
||